[Event "CAMPEONATO DE ESPAÑA ABSOLUTO"]
[Site "EL SAUZAL - TENERIFE - ISLAS CANARIAS"]
[Date "2010.09.11"]
[Round "8"]
[Board "50"]
[White "Abreu Perez, Abigail"]
[Black "Darias Darias, Luis"]
[Result "1-0"]
[WhiteElo "1395"]
[BlackElo "1877"]
[PlyCount "103"]
[EventDate "2010.09.04"]
[EventRounds "9"]
[EventCountry "ESP"]

1.e4 e5 2.Nf3 Qf6 3.d4 d6 4.Bg5 Qg6 5.dxe5 Bg4 6.Nbd2 dxe5 7.Nxe5 Qxg5 8.Nxg4
Nd7 9.Bc4 h5 10.Ne3 Ne5 11.Nf3 Qf4 12.Nxe5 Qxe5 13.Qd5 Qxd5 14.Bxd5 c6 15.Bb3
Nf6 16.f3 Bc5 17.Nc4 Nd7 18.O-O-O Ke7 19.Rhe1 b5 20.Ne3 g6 21.Bxf7 Ne5 22.Bb3 a5
23.c3 Rhd8 24.Nf1 Nd3+ 25.Kb1 Nxe1 26.Rxe1 Rd7 27.f4 Rad8 28.h3 Bf2 29.Rc1 h4
30.a4 Rf8 31.axb5 cxb5 32.f5 gxf5 33.exf5 Rxf5 34.c4 a4 35.Bc2 Rc5 36.cxb5 Rd4
37.b6 Rb4 38.b7 Bd4 39.Re1+ Re5 40.Rd1 Bxb2 41.Bxa4 Bd4+ 42.Kc2 Re2+ 43.Kd3 Ra2
44.Bc6 Kd6 45.Bf3 Ra3+ 46.Ke2 Ke5 47.Nd2 Rb2 48.b8=Q+ Rxb8 49.Nc4+ Kf6 50.Nxa3
Rb2+ 51.Rd2 Rb4 52.Nc2 1-0

[Event "CAMPEONATO DE ESPAÑA ABSOLUTO"]
[Site "EL SAUZAL - TENERIFE - ISLAS CANARIAS"]
[Date "2010.09.11"]
[Round "8"]
[Board "51"]
[White "Perez Castellano, Susana"]
[Black "Medina Sanchez, Gines"]
[Result "1-0"]
[WhiteElo "1799"]
[BlackElo "1724"]
[PlyCount "219"]
[EventDate "2010.09.04"]
[EventRounds "9"]
[EventCountry "ESP"]

1.e4 d6 2.d4 Nf6 3.Nc3 g6 4.Nf3 Bg7 5.Be2 O-O 6.O-O Nc6 7.Be3 e5 8.Qd2 Ng4 9.Bg5
f6 10.Bc4+ Kh8 11.Bh4 Qe8 12.Nd5 Qd7 13.h3 Nh6 14.Bxf6 Ng8 15.dxe5 Nxe5 16.Nxe5
dxe5 17.Bg5 c6 18.Nc3 Qxd2 19.Bxd2 Bh6 20.Rad1 Kg7 21.Bxh6+ Nxh6 22.Rd3 Nf7
23.Rfd1 Kf6 24.Rf3+ Ke7 25.Rxf7+ Rxf7 26.Bxf7 Kxf7 27.Rd8 h5 28.f3 Ke7 29.Rg8
Kf7 30.Rd8 Ke7 31.Rh8 Kf6 32.Nd1 b6 33.Rf8+ Ke7 34.Rh8 Kf6 35.Rd8 Ke7 36.Rd2 Be6
37.b3 a5 38.Kf2 h4 39.Ke3 g5 40.Nb2 b5 41.a4 Rc8 42.Rd3 b4 43.Kf2 Rf8 44.Ke2 Rc8
45.Rd2 c5 46.Nc4 Bxc4+ 47.bxc4 Ke6 48.Kd1 Ke7 49.Kc1 Ke6 50.Kb2 Ke7 51.Kb3 Ke6
52.Rd5 Rc7 53.Rd8 Rd7 54.Re8+ Kf6 55.Rf8+ Ke6 56.Rf5 Rg7 57.Kb2 Rg8 58.Kc1 Rg7
59.Kd2 Rd7+ 60.Ke2 Rd4 61.Rxg5 Rxc4 62.Kd2 Rd4+ 63.Kc1 c4 64.Kb2 Rd2 65.Kc1 c3
66.Rg8 Ke7 67.Rg6 Rf2 68.Kb1 Rf1+ 69.Ka2 Rc1 70.Kb3 Rb1+ 71.Kc4 Rb2 72.Kd3 Ra2
73.g4 hxg3 74.Rxg3 Rxa4 75.Rg1 Ra2 76.h4 a4 77.h5 b3 78.cxb3 axb3 79.Kxc3 b2
80.Kc2 Kf7 81.h6 Ra1 82.Rg7+ Kf8 83.Kxb2 Rh1 84.Rg6 Kf7 85.Ra6 Rh3 86.Kc3 Rxf3+
87.Kc4 Rh3 88.Kd5 Rh5 89.Ra7+ Kg8 90.h7+ Kh8 91.Ke6 Rg5 92.Kf6 Rf5+ 93.Ke6 Rh5
94.Rf7 Rg5 95.Rf5 Rg4 96.Kxe5 Kxh7 97.Kd5 Kg7 98.e5 Rg1 99.Ke6 Rd1 100.Rf7+ Kg8
101.Ke7 Re1 102.e6 Rd1 103.Rf3 Rd2 104.Rg3+ Kh8 105.Ke8 Rf2 106.e7 Rf4 107.Rg6
Kh7 108.Rd6 Kg7 109.Kd7 Rf7 110.Kd8 1-0

[Event "CAMPEONATO DE ESPAÑA ABSOLUTO"]
[Site "EL SAUZAL - TENERIFE - ISLAS CANARIAS"]
[Date "2010.09.11"]
[Round "8"]
[Board "52"]
[White "Padilla Mendez, Vicente"]
[Black "Granja Fuentes, Jorge"]
[Result "1-0"]
[WhiteElo "1792"]
[BlackElo "1826"]
[PlyCount "107"]
[EventDate "2010.09.04"]
[EventRounds "9"]
[EventCountry "ESP"]

1.d4 Nf6 2.c4 c5 3.Nf3 g6 4.Nc3 Bg7 5.e4 cxd4 6.Nxd4 d6 7.Be2 O-O 8.O-O Nc6
9.Be3 Bd7 10.f3 a6 11.Qd2 Rc8 12.Rac1 Ne8 13.Nxc6 bxc6 14.c5 Qa5 15.Rfd1 Be6
16.Nd5 Qd8 17.Nb6 Rc7 18.b3 Bc8 19.Bf4 f6 20.cxd6 Nxd6 21.Bxd6 exd6 22.Qxd6 Qxd6
23.Rxd6 Bb7 24.Rcd1 f5 25.Nd7 Re8 26.Bc4+ Kh8 27.Nc5 Bf8 28.Nxb7 Rxb7 29.Rxc6
fxe4 30.fxe4 Rxe4 31.Rxa6 Bc5+ 32.Kh1 Rbe7 33.g3 g5 34.Ra8+ Kg7 35.Rad8 Kh6
36.Kg2 g4 37.a4 Re1 38.a5 R1e3 39.a6 Rf3 40.Rf1 Ree3 41.Rd7 Rc3 42.Rd2 Kg6
43.Ra2 Ba7 44.Re1 Rfe3 45.Rxe3 Rxe3 46.Re2 Rxe2+ 47.Bxe2 h5 48.h3 gxh3+ 49.Kxh3
Kg5 50.Kg2 h4 51.gxh4+ Kxh4 52.Kf3 Kg5 53.Ke4 Kf6 54.Kd5 1-0

[Event "CAMPEONATO DE ESPAÑA ABSOLUTO"]
[Site "EL SAUZAL - TENERIFE - ISLAS CANARIAS"]
[Date "2010.09.11"]
[Round "8"]
[Board "55"]
[White "Febles Dominguez, Alfonso Jesus"]
[Black "Perez Martin, Nicanor"]
[Result "0-1"]
[WhiteElo "1488"]
[BlackElo "1576"]
[PlyCount "130"]
[EventDate "2010.09.04"]
[EventRounds "9"]
[EventCountry "ESP"]

1.e4 Nf6 2.Nc3 d6 3.h3 g6 4.Bc4 Bg7 5.Nf3 O-O 6.d4 e6 7.Bg5 Qd7 8.e5 dxe5 9.Nxe5
Qe8 10.O-O Nbd7 11.Nb5 Qd8 12.Qf3 a6 13.Na3 Rb8 14.c3 c5 15.dxc5 Nxe5 16.Qf4
Ned7 17.Rad1 e5 18.Qd2 Qc7 19.b4 Ne4 20.Qe3 Nxg5 21.Qxg5 h6 22.Qxg6 Kh8 23.Qe4
Nf6 24.Qf3 Bd7 25.Nc2 Bc6 26.Qe3 Rbd8 27.Rde1 Nd5 28.Qg3 Rg8 29.Qh4 Qe7 30.Qxe7
Nxe7 31.Bxf7 Rgf8 32.Bc4 Nf5 33.Ne3 Nh4 34.Rd1 Rxd1 35.Rxd1 Bf6 36.f3 e4 37.f4
Bxc3 38.Nd5 Bxd5 39.Rxd5 Bxb4 40.c6 bxc6 41.Rh5 Nf5 42.g4 Ne3 43.Rxh6+ Kg7
44.Rxc6 a5 45.Rc7+ Kg6 46.Rc6+ Kh7 47.Rc7+ Kh8 48.f5 Rd8 49.f6 Nxc4 50.Rxc4 e3
51.Re4 Kg8 52.Rxe3 Bc5 53.Kf2 Bxe3+ 54.Kxe3 Rd5 55.h4 Kf7 56.g5 Rf5 57.Ke4 Kg6
58.a4 Rf2 59.Ke5 Ra2 60.Ke6 Rxa4 61.h5+ Kxg5 62.f7 Rf4 63.Ke7 Rxf7+ 64.Kxf7 a4
65.Ke6 a3 0-1

[Event "CAMPEONATO DE ESPAÑA ABSOLUTO"]
[Site "EL SAUZAL - TENERIFE - ISLAS CANARIAS"]
[Date "2010.09.12"]
[Round "9"]
[Board "1"]
[White "Vallejo Pons, Francisco"]
[Black "Moreno Ruiz, Javier"]
[Result "1/2-1/2"]
[WhiteElo "2697"]
[BlackElo "2491"]
[PlyCount "123"]
[EventDate "2010.09.04"]
[EventRounds "9"]
[EventCountry "ESP"]

1.e4 c5 2.Nf3 g6 3.c3 d5 4.Qa4+ Bd7 5.Qb3 c4 6.Qc2 e6 7.exd5 exd5 8.d3 cxd3
9.Qxd3 Nf6 10.Bg5 Bg7 11.Qe3+ Qe7 12.Qxe7+ Kxe7 13.Bd3 Re8 14.O-O Kf8 15.Na3 a6
16.Rfd1 Bg4 17.Bf1 Nbd7 18.h3 Bxf3 19.gxf3 b5 20.Nc2 Ne5 21.Kg2 Nc4 22.b3 Nb6
23.Nb4 Nh5 24.Rac1 Be5 25.Be3 Nf4+ 26.Kg1 Re6 27.Nd3 Nxd3 28.Rxd3 Rc8 29.f4 Bf6
30.Kh2 b4 31.f5 Rec6 32.Rdd1 d4 33.cxd4 Rxc1 34.Bxc1 Rc2 35.Kg1 Rxa2 36.d5 Ra1
37.Bh6+ Ke8 38.Rxa1 Bxa1 39.fxg6 hxg6 40.Bxa6 Nxd5 41.Bc4 Ne7 42.Bb5+ Kd8 43.Bg5
f6 44.Bf4 Be5 45.Be3 Nf5 46.Bb6+ Ke7 47.Bd3 Ke6 48.Kf1 g5 49.Bc5 Bc3 50.Bc4+ Kd7
51.Kg2 Kc6 52.Bf8 Nd6 53.Be6 Be5 54.Kf3 Kc5 55.Ke3 Bd4+ 56.Kf3 Be5 57.Kg4 Kd4
58.h4 gxh4 59.f4 h3 60.Kxh3 Bxf4 61.Bxd6 Bxd6 62.Kg4 1/2-1/2

[Event "CAMPEONATO DE ESPAÑA ABSOLUTO"]
[Site "EL SAUZAL - TENERIFE - ISLAS CANARIAS"]
[Date "2010.09.12"]
[Round "9"]
[Board "2"]
[White "Arizmendi Martinez, Julen Luis"]
[Black "Illescas Cordoba, Miguel"]
[Result "0-1"]
[WhiteElo "2551"]
[BlackElo "2591"]
[PlyCount "66"]
[EventDate "2010.09.04"]
[EventRounds "9"]
[EventCountry "ESP"]

1.d4 Nf6 2.c4 e6 3.Nc3 Bb4 4.f3 c5 5.d5 O-O 6.e4 d6 7.Nge2 exd5 8.cxd5 Nbd7
9.Ng3 a6 10.Be2 b5 11.O-O c4 12.Kh1 Re8 13.a4 Rb8 14.axb5 axb5 15.Nf5 Ne5 16.Nd4
Bd7 17.g4 Bc5 18.g5 b4 19.Na4 Bxa4 20.Rxa4 Nfd7 21.f4 Bxd4 22.Qxd4 Nd3 23.Bxd3
cxd3 24.Rxb4 Rxb4 25.Qxb4 Nc5 26.Re1 Qc8 27.f5 Nxe4 28.Rf1 g6 29.Qd4 gxf5 30.b4
Qc2 31.Bf4 Qe2 32.Kg1 Qg4+ 33.Bg3 d2 0-1

[Event "CAMPEONATO DE ESPAÑA ABSOLUTO"]
[Site "EL SAUZAL - TENERIFE - ISLAS CANARIAS"]
[Date "2010.09.12"]
[Round "9"]
[Board "3"]
[White "Recuero Guerra, David"]
[Black "Herraiz Hidalgo, Herminio"]
[Result "1/2-1/2"]
[WhiteElo "2457"]
[BlackElo "2480"]
[PlyCount "47"]
[EventDate "2010.09.04"]
[EventRounds "9"]
[EventCountry "ESP"]

1.e4 e6 2.d4 d5 3.Nc3 Nf6 4.Bg5 Bb4 5.e5 h6 6.Bh4 g5 7.Bg3 Ne4 8.Nge2 f5 9.f3
Nxg3 10.Nxg3 h5 11.a3 Be7 12.f4 h4 13.Nge2 a6 14.Qd3 b6 15.O-O-O g4 16.h3 g3
17.Nxg3 hxg3 18.Qxg3 Bb7 19.Qg6+ Kd7 20.g4 Rg8 21.Qh7 Rh8 22.Qg6 Rg8 23.Qh7 Rh8
24.Qg6 1/2-1/2

[Event "CAMPEONATO DE ESPAÑA ABSOLUTO"]
[Site "EL SAUZAL - TENERIFE - ISLAS CANARIAS"]
[Date "2010.09.12"]
[Round "9"]
[Board "4"]
[White "Garza Marco, Sergio"]
[Black "Pena Gomez, Manuel"]
[Result "1-0"]
[WhiteElo "2439"]
[BlackElo "2419"]
[PlyCount "101"]
[EventDate "2010.09.04"]
[EventRounds "9"]
[EventCountry "ESP"]

1.d4 Nf6 2.c4 c5 3.d5 e6 4.Nc3 exd5 5.cxd5 d6 6.e4 g6 7.f4 Bg7 8.Bb5+ Nfd7 9.Nf3
O-O 10.O-O a6 11.Bd3 b5 12.Kh1 b4 13.Ne2 Ra7 14.f5 Nf6 15.fxg6 hxg6 16.Bg5 Qe8
17.Nd2 Nbd7 18.Nc4 Nxe4 19.Bf4 Ndf6 20.Qc2 Bb7 21.Nxd6 Nxd6 22.Bxd6 Bxd5 23.Nf4
Qc6 24.Bxc5 Rc8 25.Bxa7 Qxc2 26.Bxc2 Rxc2 27.Nxd5 Nxd5 28.Rad1 Ne7 29.Rd8+ Bf8
30.Ra8 Nd5 31.h3 Rc4 32.Rd1 Nf4 33.Be3 Kg7 34.Bd4+ f6 35.Ra7+ Kh6 36.Rxa6 Nh5
37.Bxf6 Bc5 38.Be5 Re4 39.Bh2 Bd4 40.b3 Ng7 41.Rc6 Bc3 42.Rc4 Re2 43.a3 Nf5
44.axb4 Be1 45.b5 Bf2 46.Bc7 Rb2 47.Rc3 Kg5 48.b6 Ne3 49.Rxe3 Bxe3 50.b7 Ba7
51.Ra1 1-0

[Event "CAMPEONATO DE ESPAÑA ABSOLUTO"]
[Site "EL SAUZAL - TENERIFE - ISLAS CANARIAS"]
[Date "2010.09.12"]
[Round "9"]
[Board "5"]
[White "Larino Nieto, David"]
[Black "Salgado Lopez, Ivan"]
[Result "0-1"]
[WhiteElo "2451"]
[BlackElo "2595"]
[PlyCount "62"]
[EventDate "2010.09.04"]
[EventRounds "9"]
[EventCountry "ESP"]

1.e4 c6 2.d4 d5 3.Nd2 dxe4 4.Nxe4 Bf5 5.Ng3 Bg6 6.Bc4 e6 7.N1e2 Bd6 8.h4 h6
9.Nf4 Bxf4 10.Bxf4 Nf6 11.h5 Bh7 12.Qd2 O-O 13.O-O-O Nd5 14.Kb1 b5 15.Be2 Na6
16.f3 c5 17.Bxb5 Nab4 18.Ne4 Nxf4 19.Qxf4 cxd4 20.Rh3 Nd5 21.Qe5 Qb8 22.Nd6 Ne3
23.Rxd4 Qc7 24.Rc4 Bxc2+ 25.Kc1 Nxc4 26.Bxc4 Rad8 27.Rg3 Bg6 28.Rxg6 fxg6
29.Qxe6+ Kh8 30.Nf7+ Rxf7 31.Qxf7 Qd6 0-1

[Event "CAMPEONATO DE ESPAÑA ABSOLUTO"]
[Site "EL SAUZAL - TENERIFE - ISLAS CANARIAS"]
[Date "2010.09.12"]
[Round "9"]
[Board "6"]
[White "Magem Badals, Jordi"]
[Black "Espineira Gonzalez, Diego"]
[Result "0-1"]
[WhiteElo "2589"]
[BlackElo "2305"]
[PlyCount "130"]
[EventDate "2010.09.04"]
[EventRounds "9"]
[EventCountry "ESP"]

1.e4 e6 2.d4 d5 3.Nc3 Bb4 4.Nge2 dxe4 5.a3 Be7 6.Nxe4 Nf6 7.Qd3 Nbd7 8.Bf4 Nxe4
9.Qxe4 Nf6 10.Qf3 c6 11.O-O-O Qd5 12.Qd3 Qe4 13.Qd2 Nd5 14.Be5 f6 15.Bg3 b5
16.Re1 Qf5 17.Nf4 Nxf4 18.Bxf4 Qd5 19.Kb1 O-O 20.Bd3 a5 21.Be4 Qd7 22.g4 b4
23.a4 Ra7 24.Qd3 h6 25.Qc4 Ra6 26.Re3 Rb6 27.Bf3 Rd8 28.Rd1 Kf7 29.Qd3 Bd6
30.Bxd6 Qxd6 31.h4 b3 32.cxb3 Rb4 33.Qh7 Rxd4 34.Rxd4 Qxd4 35.g5 fxg5 36.hxg5
hxg5 37.Bxc6 Ba6 38.Qh5+ Kg8 39.Be4 Qd1+ 40.Qxd1 Rxd1+ 41.Kc2 Rf1 42.f3 Kf7
43.Kc3 Rf2 44.Kd4 Kf6 45.Kc5 Rxb2 46.Bc6 Kf5 47.Rc3 Be2 48.Bb5 Bd1 49.Bc4 Rf2
50.Re3 Rxf3 51.Bxe6+ Kf4 52.Rxf3+ Bxf3 53.Kb6 g4 54.Kxa5 g3 55.Bh3 g5 56.b4 g4
57.Bf1 g2 58.Bxg2 Bxg2 59.b5 Bf3 60.b6 g3 61.Ka6 g2 62.b7 Bxb7+ 63.Kxb7 g1=Q
64.a5 Qc5 65.a6 Qb5+ 0-1

[Event "CAMPEONATO DE ESPAÑA ABSOLUTO"]
[Site "EL SAUZAL - TENERIFE - ISLAS CANARIAS"]
[Date "2010.09.12"]
[Round "9"]
[Board "7"]
[White "Alonso Rosell, Alvar"]
[Black "Narciso Dublan, Marc"]
[Result "1-0"]
[WhiteElo "2485"]
[BlackElo "2553"]
[PlyCount "105"]
[EventDate "2010.09.04"]
[EventRounds "9"]
[EventCountry "ESP"]

1.d4 e6 2.c4 c5 3.d5 exd5 4.cxd5 d6 5.Nc3 Ne7 6.e4 Ng6 7.Nge2 Be7 8.Ng3 a6 9.a4
Bg5 10.Be2 O-O 11.O-O Bf4 12.Bg4 Nd7 13.Nh5 Bxc1 14.Rxc1 Nf6 15.Bxc8 Rxc8 16.f4
Nxh5 17.Qxh5 f6 18.Rce1 Qb6 19.Qe2 Rfe8 20.h4 Nh8 21.g4 Nf7 22.g5 f5 23.Qg2 Qb4
24.Re3 fxe4 25.Rfe1 Qd4 26.Kh2 Kf8 27.Qc2 c4 28.Rxe4 Rxe4 29.Rxe4 Qc5 30.Qe2 Qc7
31.Re6 Qd7 32.h5 Re8 33.Qxc4 Nd8 34.Rxe8+ Qxe8 35.Qe2 Qd7 36.Kg3 Qc7 37.Qe3 Nf7
38.Qd4 Qe7 39.Qe4 Qc7 40.Qd4 Qc8 41.Qe4 Qc5 42.Kg2 Qb6 43.b4 a5 44.b5 Qc5 45.Ne2
Qa3 46.Nd4 Qb2+ 47.Kg3 Qc3+ 48.Nf3 Qb3 49.Qe6 Qxa4 50.g6 hxg6 51.hxg6 Nh6 52.Ng5
Qa3+ 53.Kh4 1-0

[Event "CAMPEONATO DE ESPAÑA ABSOLUTO"]
[Site "EL SAUZAL - TENERIFE - ISLAS CANARIAS"]
[Date "2010.09.12"]
[Round "9"]
[Board "8"]
[White "Vassallo Barroche, Mauricio"]
[Black "Alsina Leal, Daniel"]
[Result "1/2-1/2"]
[WhiteElo "2422"]
[BlackElo "2523"]
[PlyCount "146"]
[EventDate "2010.09.04"]
[EventRounds "9"]
[EventCountry "ESP"]

1.Nf3 Nf6 2.g3 g6 3.Bg2 Bg7 4.O-O O-O 5.d3 d5 6.Nbd2 c5 7.e4 Nc6 8.c3 e5 9.a4
Re8 10.exd5 Nxd5 11.Re1 h6 12.Qb3 Nc7 13.Nc4 Be6 14.Nfd2 Rb8 15.Qc2 Bd5 16.Bxd5
Nxd5 17.a5 b5 18.axb6 axb6 19.Ne4 Qd7 20.Qb3 Red8 21.f3 Kh7 22.Nf2 f5 23.Kg2 b5
24.Ne3 Nf6 25.Nf1 Nd5 26.Ne3 Nc7 27.Nf1 Re8 28.Be3 Ne6 29.Qc2 Qb7 30.Bc1 Rbd8
31.Nd2 Ne7 32.Qb3 Nc6 33.Qa2 Ra8 34.Qb1 Rxa1 35.Qxa1 Ra8 36.Qb1 Ncd8 37.Qc2 Qc6
38.Qd1 Nf7 39.Qe2 Re8 40.Qd1 Nd6 41.h4 h5 42.Qe2 Bf6 43.Rh1 c4 44.dxc4 bxc4
45.Kg1 Ra8 46.Kh2 Ra1 47.Rd1 Bg7 48.Nf1 Ra2 49.Nd2 Ra8 50.Nf1 Rf8 51.Nh3 Nf7
52.Ne3 Rc8 53.Nd5 Qb7 54.Bg5 Nexg5 55.Nxg5+ Nxg5 56.hxg5 Qf7 57.f4 exf4 58.gxf4
Qe8 59.Qxe8 Rxe8 60.Kg3 Re2 61.Nf6+ Bxf6 62.gxf6 Kg8 63.Rd7 Rxb2 64.Rg7+ Kf8
65.Rxg6 Kf7 66.Rh6 Rc2 67.Kh4 Rg2 68.Kxh5 Rg4 69.Rh7+ Kxf6 70.Rh6+ Ke7 71.Rc6
Rxf4 72.Kg5 Rf3 73.Rxc4 Kd6 1/2-1/2

[Event "CAMPEONATO DE ESPAÑA ABSOLUTO"]
[Site "EL SAUZAL - TENERIFE - ISLAS CANARIAS"]
[Date "2010.09.12"]
[Round "9"]
[Board "9"]
[White "Anton Guijarro, David"]
[Black "San Segundo Carrillo, Pablo"]
[Result "1/2-1/2"]
[WhiteElo "2403"]
[BlackElo "2511"]
[PlyCount "181"]
[EventDate "2010.09.04"]
[EventRounds "9"]
[EventCountry "ESP"]

1.e4 c6 2.d4 d5 3.e5 Bf5 4.Nf3 e6 5.Be2 Ne7 6.Nbd2 Nd7 7.Nb3 Nc8 8.O-O Be7 9.Bd2
O-O 10.Ba5 Ncb6 11.a3 Rc8 12.Bb4 Na4 13.Bxe7 Qxe7 14.Ra2 Qd8 15.c3 b5 16.Qd2 a6
17.Qf4 Qc7 18.Nh4 Bc2 19.Nd2 f6 20.Qg3 fxe5 21.b3 exd4 22.Qxc7 Rxc7 23.bxa4 d3
24.Bd1 Bxd1 25.Rxd1 e5 26.Nhf3 e4 27.Nd4 Nc5 28.axb5 axb5 29.Nf1 Ra8 30.Ne3 Ra6
31.f3 Rca7 32.fxe4 dxe4 33.Rf2 Rf7 34.Ra2 Rfa7 35.Rf2 Rf7 36.Rb2 Rd7 37.Kf2 Rd6
38.Nef5 Rd7 39.Ke3 g6 40.Ng3 Rxa3 41.Nxc6 Rxc3 42.Rdd2 Na4 43.Rxb5 Rxc6 44.Nxe4
Nb6 45.Rxd3 Nc4+ 46.Ke2 Re7 47.Rd4 Nd6 48.Rb8+ Kg7 49.Kd3 Nf5 50.Rdd8 Ra6 51.Rb3
Ra4 52.Nc5 Re3+ 53.Kc2 Ra2+ 54.Kd1 Rxb3 55.Nxb3 Rxg2 56.Rd2 Rxd2+ 57.Nxd2 Kh6
58.Ke2 Kg5 59.Kf2 Kg4 60.Ne4 h6 61.Kg2 Nh4+ 62.Kg1 Kf4 63.Nf6 Nf5 64.Kg2 Ne3+
65.Kg1 h5 66.Nd7 Ng4 67.Kg2 g5 68.Nf8 Ne3+ 69.Kf2 Nd1+ 70.Kg2 Ne3+ 71.Kf2 Ng4+
72.Kg2 h4 73.Ne6+ Kf5 74.Nd4+ Ke5 75.Nf3+ Kf4 76.Nd4 Ne3+ 77.Kf2 Ng4+ 78.Kg2
Ne3+ 79.Kf2 Nd5 80.Kg2 Ke4 81.Nc6 Nf4+ 82.Kf2 Nd3+ 83.Kg2 Ke3 84.Ne7 Nf4+ 85.Kg1
Kf3 86.Nf5 Ne2+ 87.Kf1 h3 88.Nh6 Nd4 89.Nf7 g4 90.Ne5+ Kf4 91.Nxg4 1/2-1/2

[Event "CAMPEONATO DE ESPAÑA ABSOLUTO"]
[Site "EL SAUZAL - TENERIFE - ISLAS CANARIAS"]
[Date "2010.09.12"]
[Round "9"]
[Board "10"]
[White "Reinaldo Castineira, Roi"]
[Black "Espinosa Aranda, Angel"]
[Result "1/2-1/2"]
[WhiteElo "2502"]
[BlackElo "2403"]
[PlyCount "51"]
[EventDate "2010.09.04"]
[EventRounds "9"]
[EventCountry "ESP"]

1.e4 c5 2.Nf3 d6 3.d4 cxd4 4.Nxd4 Nf6 5.Nc3 Nc6 6.Bg5 e6 7.Qd2 a6 8.O-O-O Bd7
9.f4 h6 10.Bh4 Nxe4 11.Qe1 Nf6 12.Nf5 Qa5 13.Nxd6+ Bxd6 14.Rxd6 O-O-O 15.Qd2 Ne7
16.Bd3 Bc6 17.Rxd8+ Rxd8 18.Re1 Ned5 19.Re5 Qc7 20.Bg3 Nb4 21.f5 Nxd3+ 22.cxd3
Nh5 23.Re3 Nxg3 24.Rxg3 exf5 25.Rxg7 Qxh2 26.Qf2 1/2-1/2

[Event "CAMPEONATO DE ESPAÑA ABSOLUTO"]
[Site "EL SAUZAL - TENERIFE - ISLAS CANARIAS"]
[Date "2010.09.12"]
[Round "9"]
[Board "11"]
[White "Morales Camacho, Julian"]
[Black "Cabrera Trujillo, Jorge"]
[Result "0-1"]
[WhiteElo "2213"]
[BlackElo "2384"]
[PlyCount "96"]
[EventDate "2010.09.04"]
[EventRounds "9"]
[EventCountry "ESP"]

1.b3 d5 2.Bb2 Bg4 3.g3 Nd7 4.Bg2 c6 5.d3 e6 6.Nd2 Ngf6 7.Ngf3 Bd6 8.h3 Bh5 9.O-O
O-O 10.Qe1 Qe7 11.e4 Ba3 12.Bxa3 Qxa3 13.Nh4 Qc5 14.Rc1 dxe4 15.dxe4 Rad8 16.Bf3
Bxf3 17.Nhxf3 Ne5 18.Qe2 Rd7 19.Rfe1 Rfd8 20.Kg2 Qc3 21.Nf1 h6 22.Qe3 Qxe3
23.Nxe3 Nxf3 24.Kxf3 Rd4 25.Nc4 Kf8 26.a4 Ke7 27.Re3 Nd7 28.c3 Rxc4 29.bxc4 Ne5+
30.Ke2 Nxc4 31.Rd3 Rxd3 32.Kxd3 Nb2+ 33.Kd4 e5+ 34.Ke3 Nxa4 35.f3 a5 36.Kd2 b5
37.Kc2 Nb6 38.h4 Nc4 39.Re1 Ke6 40.Re2 a4 41.Re1 c5 42.Ra1 g6 43.Kd3 Kd6 44.Kc2
Kc6 45.Kd3 Kb6 46.Kc2 Ka5 47.Kd3 a3 48.f4 Ka4 0-1

[Event "CAMPEONATO DE ESPAÑA ABSOLUTO"]
[Site "EL SAUZAL - TENERIFE - ISLAS CANARIAS"]
[Date "2010.09.12"]
[Round "9"]
[Board "12"]
[White "Vega Gutierrez, Sabrina"]
[Black "Ladron De Guevara Pinto, Paolo"]
[Result "1-0"]
[WhiteElo "2368"]
[BlackElo "2215"]
[PlyCount "123"]
[EventDate "2010.09.04"]
[EventRounds "9"]
[EventCountry "ESP"]

1.e4 e6 2.d4 d5 3.e5 c5 4.Qg4 cxd4 5.Bd3 Nc6 6.Nf3 Nge7 7.O-O Ng6 8.Re1 Qc7
9.Qg3 f6 10.c3 f5 11.h4 Bc5 12.h5 Nf8 13.b4 Bb6 14.b5 Na5 15.cxd4 Rg8 16.Bf4 g5
17.hxg6 Rxg6 18.Qh2 Qg7 19.Nc3 Bd7 20.Ne2 Rg4 21.Ng3 Bd8 22.Nh5 Qf7 23.Nf6+ Bxf6
24.exf6 Qxf6 25.Be5 Qf7 26.Bc7 b6 27.Ne5 Qg8 28.Qh5+ Ke7 29.Nxg4 Qxg4 30.Qh6 Rc8
31.Be5 Qg6 32.Qh4+ Ke8 33.Bd6 Qf7 34.Bxf5 Nc4 35.Bxf8 Kxf8 36.Qh6+ Ke7 37.Qxh7
Qxh7 38.Bxh7 Bxb5 39.Rac1 Rh8 40.Bf5 Bd7 41.Rc3 Kd6 42.Bd3 b5 43.Bxc4 dxc4
44.Ra3 Ra8 45.Ra6+ Kd5 46.f4 c3 47.Re5+ Kc4 48.Rd6 Rd8 49.Rc5+ Kd3 50.Rc7 c2
51.d5 exd5 52.Rxd5+ Ke4 53.Rd2 Be6 54.Rxd8 Bc4 55.Re7+ Kxf4 56.Rf8+ Kg5 57.Re1
Bxa2 58.Ra8 Bc4 59.Rxa7 Be2 60.Rc1 Bd3 61.Rd7 Be4 62.Rc7 1-0

[Event "CAMPEONATO DE ESPAÑA ABSOLUTO"]
[Site "EL SAUZAL - TENERIFE - ISLAS CANARIAS"]
[Date "2010.09.12"]
[Round "9"]
[Board "13"]
[White "Villavicencio Martinez, Adalber"]
[Black "Hidalgo Santana, Fernando"]
[Result "1/2-1/2"]
[WhiteElo "2317"]
[BlackElo "2127"]
[PlyCount "91"]
[EventDate "2010.09.04"]
[EventRounds "9"]
[EventCountry "ESP"]

1.e4 d6 2.d4 Nf6 3.Nc3 g6 4.f3 Bg7 5.Be3 c6 6.Qd2 Nbd7 7.O-O-O Qa5 8.Kb1 h5
9.Nge2 b5 10.Nc1 a6 11.Qf2 Qc7 12.h3 Nb6 13.a3 Rb8 14.Be2 Nc4 15.Bxc4 bxc4
16.N1e2 Qb6 17.Bc1 Nd7 18.f4 h4 19.Rhf1 Nf8 20.f5 gxf5 21.g4 hxg3 22.Nxg3 f4
23.Qxf4 f6 24.Nf5 Bxf5 25.Qxf5 Bh6 26.Na4 Qb5 27.Nc3 Qxf5 28.Rxf5 Bxc1 29.Kxc1
Rxh3 30.Ra5 Ra8 31.Ra4 Kd7 32.Rxc4 Nh7 33.e5 Rh4 34.exd6 exd6 35.Rb4 Ra7 36.d5
Rxb4 37.axb4 cxd5 38.Rxd5 Kc6 39.Ra5 Kb7 40.Rh5 Kc6 41.Nd5 Rf7 42.c4 Nf8 43.Rf5
Nd7 44.b3 Rh7 45.Nxf6 Rf7 46.Ng8 1/2-1/2

[Event "CAMPEONATO DE ESPAÑA ABSOLUTO"]
[Site "EL SAUZAL - TENERIFE - ISLAS CANARIAS"]
[Date "2010.09.12"]
[Round "9"]
[Board "14"]
[White "Fernandez Losada, Daniel"]
[Black "Hernandez Leon, Alberto"]
[Result "1/2-1/2"]
[WhiteElo "2126"]
[BlackElo "2287"]
[PlyCount "159"]
[EventDate "2010.09.04"]
[EventRounds "9"]
[EventCountry "ESP"]

1.e4 c5 2.Nf3 d6 3.d4 cxd4 4.Nxd4 e5 5.Nb3 Nf6 6.Nc3 Be7 7.Be2 O-O 8.O-O a5 9.a4
Nc6 10.Be3 Nb4 11.Bf3 Be6 12.Qe2 Qc7 13.Rfc1 d5 14.Nb5 Qc4 15.exd5 Qxe2 16.Bxe2
Nfxd5 17.Bc5 Bxc5 18.Nxc5 Bf5 19.Bf3 Nf4 20.g3 e4 21.Nd4 exf3 22.gxf4 Rfc8 23.c3
Nd5 24.Nxb7 Bg4 25.Nd6 Rd8 26.Nc4 Nxf4 27.Ne5 Bh5 28.Kf1 Ne2 29.Rd1 Re8 30.Nc4
Bg4 31.Ne3 Bh3+ 32.Ke1 f5 33.Nxf3 Nxc3 34.bxc3 f4 35.Kd2 fxe3+ 36.fxe3 Bg4
37.Rf1 Ra6 38.Nd4 Rh6 39.Rf2 Rh3 40.Re1 Bd7 41.Kd3 Bxa4 42.Ra2 Bd7 43.Rxa5 Rxh2
44.c4 Rh6 45.c5 Rh5 46.Rg1 Rhe5 47.Rg3 g6 48.Ra7 Rd8 49.Kc4 Be8 50.Rc7 Ra8
51.Rh3 h5 52.Rg3 Ra4+ 53.Kb3 Ra1 54.Rc8 Kg7 55.Rc7+ Kh6 56.Kc3 h4 57.Rf3 Kg5
58.Kd2 Kg4 59.Rh7 g5 60.Rf8 Bg6 61.Rh6 Ra2+ 62.Kc3 Rxe3+ 63.Kc4 Bd3+ 64.Kd5 h3
65.c6 Be4+ 66.Kd6 Rd2 67.c7 Bb7 68.Kc5 Rc3+ 69.Kb6 Rxd4 70.Kxb7 Rb4+ 71.Kc8 Rbc4
72.Rf7 Kg3 73.Rfh7 g4 74.Kd8 Rxc7 75.Rxc7 Rxc7 76.Kxc7 h2 77.Kd6 Kg2 78.Ke5 g3
79.Kf4 h1=Q 80.Ke5 1/2-1/2

[Event "CAMPEONATO DE ESPAÑA ABSOLUTO"]
[Site "EL SAUZAL - TENERIFE - ISLAS CANARIAS"]
[Date "2010.09.12"]
[Round "9"]
[Board "15"]
[White "Bajo Gutierrez, Ignacio"]
[Black "Franco Alonso, Alejandro"]
[Result "0-1"]
[WhiteElo "2271"]
[BlackElo "2490"]
[PlyCount "110"]
[EventDate "2010.09.04"]
[EventRounds "9"]
[EventCountry "ESP"]

1.e4 c5 2.Nf3 e6 3.d4 cxd4 4.Nxd4 Nf6 5.Nc3 d6 6.Be3 a6 7.f3 h5 8.Qd2 Nbd7
9.O-O-O b5 10.Kb1 Bb7 11.Rg1 Rc8 12.h3 b4 13.Nce2 d5 14.exd5 Nxd5 15.Nf4 N7f6
16.Nxd5 Nxd5 17.Bd3 Bc5 18.Bf2 Qb6 19.Ka1 Kf8 20.Be4 g6 21.Qg5 Be7 22.Qd2 Bc5
23.Qg5 Be7 24.Qd2 Qd6 25.g4 hxg4 26.hxg4 Bf6 27.f4 Ba8 28.f5 Qf4 29.Qxf4 Nxf4
30.Bxa8 Rxa8 31.Rgf1 exf5 32.Nxf5 Ne6 33.Nd6 Kg7 34.Ne4 Rad8 35.Rxd8 Bxd8 36.Nc5
Nxc5 37.Bxc5 Rh4 38.Rg1 a5 39.a3 bxa3 40.Bxa3 Kf6 41.Rd1 Bc7 42.Rd7 Rh1+ 43.Ka2
Be5 44.Ra7 Rg1 45.Be7+ Ke6 46.g5 Bb8 47.Rb7 Bf4 48.Bd8 Bxg5 49.Bxa5 f5 50.Rb6+
Kf7 51.c4 Be3 52.Rb5 f4 53.c5 f3 54.c6 Rc1 55.Bc3 f2 0-1

[Event "CAMPEONATO DE ESPAÑA ABSOLUTO"]
[Site "EL SAUZAL - TENERIFE - ISLAS CANARIAS"]
[Date "2010.09.12"]
[Round "9"]
[Board "16"]
[White "Arribas Lopez, Angel"]
[Black "Rodriguez Fontecha, Marcos"]
[Result "1-0"]
[WhiteElo "2454"]
[BlackElo "2253"]
[PlyCount "51"]
[EventDate "2010.09.04"]
[EventRounds "9"]
[EventCountry "ESP"]

1.e4 e6 2.d3 d5 3.Nd2 Nf6 4.Ngf3 Nc6 5.Be2 Be7 6.O-O O-O 7.c3 a5 8.a4 b6 9.e5
Nd7 10.d4 f6 11.exf6 Bxf6 12.Re1 Qe7 13.Bb5 Bb7 14.Nf1 Qf7 15.Bf4 Rac8 16.Bg3
Na7 17.Bxd7 Qxd7 18.Ne3 c5 19.Qb3 Nc6 20.Qxb6 c4 21.b3 Rb8 22.bxc4 Ba8 23.Qc7
Qe8 24.Nxd5 Rb7 25.Qd6 Nd8 26.Nc7 1-0